Clásicos de la música popular chilena.
Guardat en:
| Autor corporatiu: | |
|---|---|
| Altres autors: | , , , , , |
| Format: | Llibre |
| Publicat: |
Santiago, Chile:
Ediciones Universidad Católica de Chile,
1997.
|
| Edició: | Segunda edición. |
| Matèries: | |
| Etiquetes: |
Afegir etiqueta
Sense etiquetes, Sigues el primer a etiquetar aquest registre!
|
MARC
| LEADER | 00000nam a22000007a 4500 | ||
|---|---|---|---|
| 003 | CL-VaPUC | ||
| 005 | 20250321101924.0 | ||
| 008 | 250117t1997 ||||| |||| 00| 0 spa d | ||
| 999 | |c 446606 |d 446604 | ||
| 020 | |a 978-956-14-0454-0 (v.II) | ||
| 040 | |c Pontificia Universidad Católica de Valparaíso | ||
| 082 | 0 | 4 | |a 780.983 SOC 1997 (v.II) |2 21 |
| 110 | 2 | |a Sociedad Chilena del Derecho de Autor |e autor |9 478750 | |
| 245 | 1 | 0 | |a Clásicos de la música popular chilena. |
| 250 | |a Segunda edición. | ||
| 260 | |a Santiago, Chile: |b Ediciones Universidad Católica de Chile, |c 1997. | ||
| 300 | |a Volumen II. | ||
| 500 | |a v.II.c.1. Instituto Arcos 8-1-2025. | ||
| 505 | |a v.II. 1960-1973 Raíz folclórica. | ||
| 583 | |a last modification |c 20171220 01:36:44 |k Cristina María Rojas Aguilar | ||
| 650 | |a Música popular |z Chile |9 895532 | ||
| 650 | |a Voces e instrumentos |9 895533 | ||
| 700 | |a Advis, Luis |e editor |9 895534 | ||
| 700 | |a Cáceres, Eduardo |e editor |9 614476 | ||
| 700 | |a García, Fernando |e editor |9 895535 | ||
| 700 | |a González, Juan Pablo |e editor |9 615741 | ||
| 700 | |a Carrasco, Fernando |e transcriptor |9 895536 | ||
| 700 | |a Sánchez, Juan Antonio |e transcriptor |9 895537 | ||
| 942 | |c BK |2 ddc |n 0 | ||
| 952 | |0 0 |1 0 |2 ddc |4 0 |6 780_983000000000000_SOC_1997 |7 0 |8 A |9 599515 |a BIBINC |b BIBINC |d 2025-01-17 |e Instituto Arcos |h v.II |i 5664522 |o 780.983 SOC 1997 |p 5664522 |r 2025-01-17 |t 1 |w 2025-01-17 |y BK |k IFP | ||